Normal view
MARC view
Entry Topical Term
001 - CONTROL NUMBER
- control field: 45384
003 - CONTROL NUMBER IDENTIFIER
- control field: ARRUPE
005 - DATE AND TIME OF LATEST TRANSACTION
- control field: 20190327112051.0
008 - FIXED-LENGTH DATA ELEMENTS
- fixed length control field: 190327|| aca||aabn | a|a d
040 ## - CATALOGING SOURCE
- Original cataloging agency: ARRUPE
- Transcribing agency: ARRUPE
150 ## - HEADING--TOPICAL TERM
- Topical term or geographic name as entry element: Psychotherapy
- General subdivision: Social aspects.
670 ## - SOURCE DATA FOUND
- Source citation: Work cat.: (ARRUPE)0: Hollis, Florence. 45382, Casework, a psychosocial therapy /, c1981.